| 000 | 01391cam a22003737a 4500 | ||
|---|---|---|---|
| 003 | CHAP | ||
| 005 | 20220817042234.0 | ||
| 008 | 971013s1983 r 00010 d | ||
| 010 | _a38376 | ||
| 011 | _a39348 | ||
| 035 | _a43468 | ||
| 040 | _cCHAP | ||
| 082 |
_a327.72 _bP4 |
||
| 100 | 0 | 0 |
_aPellicer, Olga. _986630 |
| 245 | 1 | 3 |
_aLa política exterior de México _b: desafios en los ochentas |
| 260 |
_aMéxico : _bCIDE, _c1983 |
||
| 300 |
_a303 p. _b: ilus. |
||
| 490 | 0 |
_aColección estudios políticos: ensayos _v; 3 |
|
| 590 |
_aBATCH-UPD _b10 _c20130110 _lUCH01 _h1950 |
||
| 590 |
_aBATCH-UPD _b10 _c20130410 _lUCH01 _h1312 |
||
| 590 |
_aBATCH-UPD _b10 _c20130914 _lUCH01 _h0909 |
||
| 590 |
_aCONVERSION _b10 _c20130109 _lUCH01 _h1321 |
||
| 650 | 0 | 4 |
_aMéxico _xComercio _zE.U.A. |
| 650 | 1 | 4 |
_aE.U.A. _xComercio _xMéxico. _934837 |
| 650 | 1 | 4 |
_aE.U.A. _xRelaciones exteriores _xMéxico. _934848 |
| 650 | 1 | 4 |
_aMéxico _xRelaciones exteriores _xE.U.A. _976792 |
| 710 | 0 |
_aCentro de Investigación y Docencia Económicas. México. _921156 |
|
| 830 | 0 |
_aColección estudios políticos: ensayos _v; 3 _924855 |
|
| 901 | _aBK | ||
| 942 | _cLIBRO | ||
| 949 |
_a327.72 P4 _bBC _cLIBRO _d33724000302873 _eLIBRO _gI.c/e _h64369 _i43468 _si |
||
| 949 |
_a327.72 P4 _bBC _cLIBRO _d33724000937330 _eLIBRO _fc.2 _gI.c/e _h64370 _i43468 _si |
||
| 949 |
_a327.72 P4 _bBC _cLIBRO _d33724002204629 _eLIBRO _fc.3 _h65086 _i43468 _si |
||
| 999 |
_c38376 _d38376 |
||